Spatial Spectrum Sensing Algorithm for Cognitive Radios (Record no. 196705)
[ view plain ]
| 000 -LEADER | |
|---|---|
| fixed length control field | 00788 a2200205 4500 |
| 003 - CONTROL NUMBER IDENTIFIER | |
| control field | Nust |
| 005 - DATE AND TIME OF LATEST TRANSACTION | |
| control field | 20230123144512.0 |
| 038 ## - RECORD CONTENT LICENSOR | |
| Staff Name | TANVEER |
| 040 ## - CATALOGING SOURCE | |
| Transcribing agency | Nust |
| 082 ## - DEWEY DECIMAL CLASSIFICATION NUMBER | |
| Classification number | 621.382 |
| 100 ## - MAIN ENTRY--PERSONAL NAME | |
| Personal name | Iqbal, Muhammad Shahid (MSEE-16) |
| 9 (RLIN) | 35529 |
| 245 ## - TITLE STATEMENT | |
| Title | Spatial Spectrum Sensing Algorithm for Cognitive Radios |
| Statement of responsibility, etc. | Muhammad Shahid Iqbal |
| 260 ## - PUBLICATION, DISTRIBUTION, ETC. | |
| Place of publication, distribution, etc. | Rawalpindi |
| Name of publisher, distributor, etc. | MCS, NUST |
| Date of publication, distribution, etc. | 2012 |
| 300 ## - PHYSICAL DESCRIPTION | |
| Extent | x,83, p; |
| 505 ## - FORMATTED CONTENTS NOTE | |
| Formatted contents note | Introduction (page-1)Literature review (page-3) Adaptive spatial spectrum sensing for cognitive radios (page-26) PAPR based spectrum sensing for future wireless systems (page-37) Simulation and results (page-55) Conclusion and future works (page-66) |
| 538 ## - SYSTEM DETAILS NOTE | |
| System details note | Almirah No.69 Shelf No.2 |
| 650 ## - SUBJECT ADDED ENTRY--TOPICAL TERM | |
| Topical term or geographic name entry element | PG Thesis |
| 9 (RLIN) | 35000 |
| 651 ## - SUBJECT ADDED ENTRY--GEOGRAPHIC NAME | |
| Geographic name | MSEE-16 |
| 9 (RLIN) | 35231 |
| 942 ## - ADDED ENTRY ELEMENTS (KOHA) | |
| Koha item type | Thesis |
| Source of classification or shelving scheme | |
| Withdrawn status | Lost status | Source of classification or shelving scheme | Damaged status | Not for loan | Permanent Location | Current Location | Date acquired | Full call number | Barcode | Date last seen | Price effective from | Koha item type | Shelving location |
|---|---|---|---|---|---|---|---|---|---|---|---|---|---|
| Central Library (CL) | Central Library (CL) | 11/11/2020 | 621.3 | CL-T-1003 | 11/11/2020 | 11/11/2020 | Thesis | ||||||
| Central Library (CL) | Central Library (CL) | 11/23/2020 | 621.3 | CL-T-1001 | 11/23/2020 | 11/23/2020 | Thesis | Thesis | |||||
| Military College of Signals (MCS) | Military College of Signals (MCS) | 12/12/2016 | 621.382 IQB | MCSTEE-201 | 12/08/2016 | 12/12/2016 | Thesis |
